000
00269nam a2200109Ia 4500
008
180205s9999 xx 000 0 und d
020
_a
9780439244190
100
_a
Sachar, Louis
245
_a
Holes /
260
_a
New york :
_b
Scholastic Inc
_c
2000
300
_a
233 pages
999
_c
354956
_d
354956